Statistics for SSUSH6-7: First Presidents Review

Click here to take the quiz!

General Stats

  • This quiz has been taken 43 times
  • The average score is 5 of 20

Answer Stats

HintAnswer% Correct
First president of the U.S.George Washington
100%
The president during Jacksonian democracyAndrew Jackson
75%
President during the War of 1812James Madison
75%
Who was not elected to a second term as president in 1800 because of the unpopular acts from above.John Adams
75%
The president who expanded the powers of the president during his terms in officeThomas Jefferson
50%
The term that means to end slaveryabolish
25%
Act that made it easier to deport immigrants.Alien Act
25%
President who passed the above act.James Monroe
25%
Act that stated the U.S. would prevent foreign influence in Central and South America.Monroe Doctrine
25%
Act that made it illegal to speak out against the government.Sedition Act
25%
The temperance movement wanted people to quit drinking...alcohol
0%
The act that led to the relocation of American Indians from the Southeast.Indian Removal Act
0%
The large area of land purchased from the French by Thomas JeffersonLouisiana Territory
0%
The War of 1812 helped increase ______ _______ in America, which led to a more united country.National identity
0%
An event where South Carolina canceled a federal tariff and almost caused the state to leave the country.Nullification crisis
0%
Washington serving only two presidential terms and wanting to be called "Mr. President" are examples of __________ set for the role of president.Precedents
0%
The belief that states should have more government powerstates' rights
0%
The term that means you have a right to votesuffrage
0%
The economic system created by Henry Clay to try and promote and protect U.S. economic growth.The American System
0%
The religious movement in the 1800s that led to many social reformsThe Second Great Awakening
0%

Score Distribution

Percentile by Number Answered

Percent of People with Each Score

Your Score History

You have not taken this quiz